| 000 | 00891nam a2200253 a 4500 | ||
|---|---|---|---|
| 001 | 000019419 | ||
| 005 | 20250520113501.0 | ||
| 008 | 100628s1986 ag 000 0 spa d | ||
| 020 | _a9501235637 | ||
| 040 |
_aDO-SdBNP _bspa _cBNPHU |
||
| 082 |
_a153.4 _bC689c |
||
| 100 | 1 |
_aCole, Michael, _941680 |
|
| 240 | 1 | 0 |
_aComparative studies of how people think. _lEspañol. |
| 245 | 1 | 0 |
_aCognición y pensamiento : _bcómo pensamos. estudios comparados / _cMichael Cole, Bárbara Means ; traducción de Stella Abreu. |
| 260 |
_aBuenos Aires, Argentina : _bPaidós, _c1986. |
||
| 300 |
_a206 p. ; _c20 cm. |
||
| 490 | 1 |
_aPsicologías del siglo xix _v13 |
|
| 504 | _aBibliografías: p. 196-206 | ||
| 650 | 0 |
_aPensamiento _922995 |
|
| 650 | 4 |
_aCognición _941681 |
|
| 700 | 1 |
_aMeans, Bárbara, _941682 |
|
| 700 | 1 |
_aAbreu, Stella, _etr. _941683 |
|
| 830 | 0 |
_aPsicologías del siglo xix ; _n13 _941684 |
|
| 999 |
_c18935 _d18935 |
||